| 000 | 00465nam a22001337a 4500 | ||
|---|---|---|---|
| 005 | 20241211090632.0 | ||
| 008 | 240923b ||||| |||| 00| 0 eng d | ||
| 100 |
_aMagno, Elma L. _eauthor. _961374 |
||
| 245 |
_aTap versus bottled water / _cElma L. Magno. |
||
| 260 |
_aPhilippines; _bPublishers Association of the Philippines, Inc., _cMarch 2018. |
||
| 300 |
_aVolume 66, pages 385, _billustration. |
||
| 700 |
_aMagno, Elma L. _eauthor. _961374 |
||
| 942 |
_2ddc _cPER |
||
| 999 |
_c21756 _d21756 |
||